000
00254nam a22001217a 4500
008
181009b xxu||||| |||| 00| 0 eng d
041
_a
eng
080
_a
615
100
_a
5
101
_a
FAR
245
_a
Prescribing Guide
_c
Lilly,E
942
_2
udc
_c
BK
999
_c
49087
_d
49087